[Event "FRA-chT Top 12"]
[Site "Mulhouse"]
[Date "2011.06.05"]
[Round "11.1"]
[White "Navara, David"]
[Black "Riazantsev, Alexander"]
[Result "1/2-1/2"]
[WhiteElo "2702"]
[BlackElo "2679"]
[PlyCount "90"]
[EventDate "2011.05.26"]
[EventType "team-tourn"]
[EventRounds "11"]
[EventCountry "FRA"]
[SourceTitle "CBM 142 Extra"]
[Source "ChessBase"]
[SourceDate "2011.06.27"]
[SourceVersion "1"]
[SourceVersionDate "2011.06.27"]
[SourceQuality "1"]
[WhiteTeam "Mulhouse Philidor"]
[BlackTeam "Metz Fischer"]
[WhiteTeamCountry "FRA"]
[BlackTeamCountry "FRA"]

1. c4 {Ramirez Alvarez,Alejandro Tiviakov,Sergei} e6 2. Nc3 d5 3. d4 Be7 4. cxd5 exd5 5. Bf4 c6 6. e3 Bf5 ({RR} 6... Bd6 7. Bxd6 Qxd6) 7. g4 Be6 8. Bd3 ({RR} 8. h4 Nd7 9. g5 h6 10. g6) 8... Nd7 9. h3 ({RR} 9. Bf5 Bxf5 10. gxf5 Bb4 11. Nge2 Ne7 12. Qc2 Nb6 13. f3 ({RR} 13. Rg1 g6 14. Be5) 13... g6 14. fxg6 Nxg6 15. O-O-O Qe7 16. Rd3 Nc4 17. b3 Na3 18. Qb2 Nxf4 19. Nxf4 Rg8 20. Qf2 O-O-O 21. Kb2 Kb8 22. Nb1 Rde8 23. Nxa3 Bxa3+ {Laznicka,V (2677)-Topalov,V (2769) Novy Bor 2013 CBM 157 [Ramirez Alvarez,Alejandro] 0-1 (38)}) 9... g5 ({RR} 9... h5 10. gxh5 Ndf6 11. Qc2 Nxh5 12. Be5 Bf6 13. Nf3 Ne7 14. O-O-O Kf8 15. Bxf6 Nxf6 16. Ng5 Qd7 17. Nxe6+ Qxe6 18. h4 Re8 19. Kb1 Nc8 20. Ne2 Nh5 21. Rdg1 Nd6 22. Nc3 Ne4 23. Bxe4 dxe4 24. Rg5 {Bashylina,L (2145)-Van Hesselingen,G (2210) Netherlands NED 2026 1-0 (55)}) 10. Be5 $146 ({RR} 10. Bg3 h5 11. f3 ({RR} 11. gxh5 Ngf6 12. Be2) 11... Qb6 12. Rb1 c5 ({RR} 12... Ngf6) ({RR} 12... hxg4 13. fxg4 Ngf6 ({RR} 13... Nh6)) 13. Kf1 hxg4 14. fxg4 Nh6 ({RR} 14... cxd4 15. exd4 Qxd4 16. Nb5 Qf6+ 17. Kg2) 15. Kg2 f5 16. Qf3 fxg4 17. hxg4 Nf6 ({RR} 17... Bxg4 18. Qxg4 ({RR} 18. Qxd5 O-O-O) 18... Nxg4 19. Rxh8+ Bf8 20. Nxd5 Qc6 21. e4) 18. Be5 Kf7 ({RR} 18... Bxg4 19. Qg3) 19. Bxf6 Bxf6 20. Nxd5 Bxg4 21. Qg3 ({RR} 21. Qxf6+ Qxf6 22. Nxf6 Kxf6 23. Rf1+ Ke7 24. dxc5) 21... Qc6 22. e4 Be6 ({RR} 22... Bxd4 23. Rf1+ Kg7 24. Rxh6 Rxh6 ({RR} 24... Qxh6 25. Qc7+) 25. Qxg4 Rah8 26. Nh3 Rxh3 27. Qxg5+ Qg6 28. Qxg6+ Kxg6 29. Nf4+) 23. Nxf6 Nf5 ({RR} 23... Kxf6 24. Rf1+ Kg6 25. d5) 24. Rxh8 ({RR} 24. Qxg5 Rag8 25. Rh7+ Rxh7 26. Qxg8+ Kxf6 27. Qxh7) 24... Nxg3 {Rustemov,A (2591)-Vallejo Pons,F (2645) Dos Hermanas 2003 EXT 2005 [Tiviakov,Sergei] 1-0 (40)}) ({RR} 10. Bh2 h5 11. f3 hxg4 12. fxg4 ({RR} 12. hxg4 Bd6 13. Qc2 Qf6 14. O-O-O Ne7 15. Qg2 Qh6 16. Rd2 Nb6 17. Rf2 Kd7 18. f4 gxf4 19. exf4) 12... Ngf6 13. Qf3 Qa5 14. Nge2 O-O-O 15. O-O-O Rh6 16. Ng3 Rxh3 17. Nf5 Qxc3+ 18. Kb1 Bxf5 19. Qxf5 Qb4 20. Bd6 Qxd6 21. Rxh3 Rg8 22. Rdh1 Kc7 23. Qf3 Bd8 24. Rh6 Re8 {Javakhishvili,L (2436)-Balajayeva,K (2331) Samarkand 2025 0-1 (53)}) 10... Nxe5 11. dxe5 d4 12. exd4 Qxd4 13. Nf3 Qf4 14. Be4 Bb4 15. Qd4 Bxc3+ 16. bxc3 h5 17. gxh5 Rd8 18. Qe3 Qxe3+ 19. fxe3 Rxh5 20. Rg1 Bd5 21. Nxg5 Bxe4 22. Nxe4 Ke7 23. Rd1 Rxd1+ 24. Kxd1 Rxe5 25. Rxg8 Rxe4 26. Rb8 b5 27. Rb7+ Ke6 28. Rxa7 Rxe3 29. Kd2 Rxh3 30. Rc7 Rh2+ 31. Kd3 Kd6 32. Rxf7 Rxa2 33. Rf6+ Kc5 34. Rf5+ Kb6 35. Rf6 Rh2 36. Rg6 Rh5 37. Kc2 Kc5 38. Kb3 Re5 39. Rh6 Kd5 40. Rg6 Kc5 41. Rh6 Rd5 42. Rg6 Rd6 43. Rg3 Re6 44. Rh3 Kd5 45. Rd3+ Kc5 1/2-1/2

[Event "George Marx Memorial 9th"]
[Site "Paks"]
[Date "2011.06.25"]
[Round "8"]
[White "Salgado Lopez, Ivan"]
[Black "Berkes, Ferenc"]
[Result "0-1"]
[WhiteElo "2623"]
[BlackElo "2693"]
[PlyCount "236"]
[EventDate "2011.06.17"]
[EventType "tourn"]
[EventRounds "10"]
[EventCountry "HUN"]
[EventCategory "17"]
[SourceTitle "CBM 143"]
[Source "ChessBase"]
[SourceDate "2011.07.15"]
[SourceVersion "1"]
[SourceVersionDate "2011.07.15"]
[SourceQuality "1"]

1. d4 {Rogozenco,Dorian} d5 2. c4 e6 3. Nc3 Be7 4. cxd5 exd5 5. Bf4 c6 6. Qc2 Bg4 ({RR} 6... Bd6 7. Bxd6 Qxd6 8. e3 Qg6 9. Qxg6 hxg6 10. b4 a6 11. f3 Nd7 12. Bd3 Ne7 13. Nge2 g5 14. Kf2 Nf6 15. g4 Kd8 16. Kg3 Bd7 17. a4 Nc8 18. h3 Re8 19. Kf2 Nd6 20. a5 Re7 21. Rac1) 7. e3 Bh5 8. Bd3 Bg6 9. Bxg6 hxg6 10. O-O-O Nd7 11. f3 Ngf6 12. g4 $146 ({RR} 12. Nge2 b5 13. e4 b4 14. Na4 dxe4 15. fxe4 Qa5 16. Kb1 ({RR} 16. e5 Nd5 17. e6 fxe6 18. Qxc6 Kf7 19. Qxd7 Rhd8 20. Qc6 Rac8) 16... O-O 17. h4 Rfe8 18. e5 Nd5 19. h5 g5 20. h6 g6 21. Bc1 ({RR} 21. e6 gxf4 22. exd7 Red8 23. Qxc6 Ne3 24. Nc5 Nxd1 25. Rxd1) 21... N7b6 ({RR} 21... N5b6) 22. Nc5 Bxc5 23. dxc5 b3 ({RR} 23... Nd7 24. e6 Rxe6 25. Nd4 Ree8 26. Nxc6 Qxc5 27. Qxc5 Nxc5 28. Rxd5) 24. Qxb3 Qxc5 25. Nd4 Rxe5 26. Nf3 Re2 {Carlsen,M (2815)-Nakamura,H (2774) Medias 2011 CBM 143 [Rogozenco,Dorian] 1-0 (38)} ({RR} 26... Rf5)) ({RR} 12. e4 Nh5 13. Be3 Ng3) ({RR} 12. Nge2 Nh5 13. Be5 Nxe5 14. dxe5 Bc5 15. Nd4 Bxd4 16. exd4 Qg5+ 17. Kb1 Nf4 18. g3 Ne6 19. Ka1 Qf5 20. Qe2 O-O-O 21. b4 Kb8 22. b5 c5 23. dxc5 d4 24. Ne4 Qxe5 25. Qb2 Nxc5 26. Nxc5 Qxc5 {Luukkonen,T (2348)-Keinanen,T (2297) Finland 2017 0-1 (45)}) 12... Nb6 13. Nge2 Bd6 14. h3 Bxf4 15. Nxf4 Qe7 16. e4 dxe4 17. fxe4 O-O-O 18. b3 Kb8 19. Kb1 Ne8 20. Qh2 Nc7 21. Nfe2 Ka8 22. Rd3 Rd7 23. Rhd1 Rhd8 24. Qg3 g5 25. Qf3 f6 26. Kc2 Na6 27. Kb1 c5 28. dxc5 Nxc5 29. Rxd7 Rxd7 30. Nd5 Nxd5 31. exd5 Qe4+ 32. Qxe4 Nxe4 33. Rd3 Kb8 34. Re3 Nd6 35. Nd4 Kc7 36. Ne6+ Kb6 37. Nf8 Rf7 38. Ne6 Rd7 39. Nf8 Rf7 40. Ne6 Nb5 41. Kb2 Nc7 42. Nxc7 Kxc7 43. Kc3 Kd6 44. Kd4 Re7 45. Rc3 Re5 46. Rc8 Rxd5+ 47. Ke4 Re5+ 48. Kd4 Re2 49. Rd8+ Kc6 50. Rc8+ Kb6 51. a4 Rd2+ 52. Ke4 Re2+ 53. Kf5 Re3 54. Kg6 Rxh3 55. Kxg7 Rg3 56. Rc4 Rf3 57. Rb4+ Ka6 58. Rd4 Rf4 59. Rd7 f5 60. gxf5 Rxf5 61. Kg6 Rf3 62. b4 g4 63. b5+ Kb6 64. a5+ Kxb5 65. Rxb7+ Ka6 66. Rg7 g3 67. Kh5 Rf8 68. Kh6 Rh8+ 69. Kg5 Rh7 70. Rg6+ Kxa5 71. Kf4 Rh3 72. Kf3 a6 73. Kg2 Rh7 74. Rxg3 Rf7 75. Re3 Rf5 76. Kg3 Kb4 77. Re4+ Kc3 78. Kg4 Rd5 79. Kf3 a5 80. Ke2 Kb3 81. Re3+ Kc2 82. Re8 Rc5 83. Re4 Rc7 84. Ke1 Rc8 85. Ke2 Rc5 86. Ke1 Rc7 87. Ke2 Rc8 88. Ke1 Rc3 89. Ke2 Rc5 90. Ke1 Rb5 91. Rc4+ Kb3 92. Rc8 Kb2 93. Kd2 Rd5+ 94. Ke3 a4 95. Rb8+ Kc3 96. Rc8+ Kb3 97. Rb8+ Ka2 98. Rb4 a3 99. Ke2 Rh5 100. Kd2 Rh2+ 101. Kc1 Rb2 102. Ra4 Kb3 103. Ra8 Rc2+ 104. Kd1 a2 105. Rb8+ Kc4 106. Rc8+ Kd5 107. Rd8+ Ke6 108. Kxc2 a1=Q 109. Rd2 Ke5 110. Re2+ Kd4 111. Rd2+ Kc4 112. Re2 Qd4 113. Rd2 Qe4+ 114. Kb2 Kb4 115. Rc2 Qd4+ 116. Ka2 Ka4 117. Rb2 Qd5+ 118. Kb1 Ka3 0-1

[Event "Lake Sevan"]
[Site "Martuni"]
[Date "2011.07.30"]
[Round "9"]
[White "Melkumyan, Hrant"]
[Black "Zhigalko, Sergei"]
[Result "1-0"]
[WhiteElo "2600"]
[BlackElo "2689"]
[PlyCount "107"]
[EventDate "2011.07.22"]
[EventType "tourn"]
[EventRounds "9"]
[EventCountry "ARM"]
[EventCategory "16"]
[SourceTitle "CBM 144"]
[Source "ChessBase"]
[SourceDate "2011.09.16"]
[SourceVersion "1"]
[SourceVersionDate "2011.09.16"]
[SourceQuality "1"]

1. d4 d5 2. c4 e6 3. Nc3 c6 4. e4 dxe4 5. Nxe4 Bb4+ 6. Bd2 Qxd4 7. Bxb4 Qxe4+ 8. Be2 Na6 9. Ba5 b6 10. Qd6 Bd7 11. Bc3 f6 12. f3 $146 ({RR} 12. O-O-O O-O-O 13. Bd3 Qxg2 14. Ne2 Nc5 15. Rhg1 Qh3 16. b4 Nb7 17. Qg3 Qxg3 18. Rxg3 e5 19. Rxg7 Nh6 20. Ng3 Bg4 21. Rd2 Rd7 22. Rxd7 Bxd7 23. Nh5 Rf8 24. Bxh7 Bf5 25. Bxf5+ Nxf5 26. f4 Nfd6 {Kashlinskaya,A (2332)-Voit,D (2350) Moscow 2010 0-1 (36)}) ({RR} 12. O-O-O O-O-O 13. b3 Qxg2 14. Bf3 Qg5+ 15. Kb2 Qc5 16. Qg3 Ne7 17. Qxg7 Nf5 18. Qxf6 Rhf8 19. Qg5 Qxf2+ 20. Rd2 Qe3 21. Qxe3 Nxe3 22. Rd3 Nf5 23. b4 e5 24. Be4 Nd4 25. Nf3 Bf5 26. Nd2 c5 {Van Wely,L (2697)-Shirov,A (2715) Monte Carlo 2002 0-1 (45)}) ({RR} 12. Nf3 O-O-O 13. Qa3 Kb7 14. Rd1 Nh6 15. c5 b5 16. Ba5 b4 17. Qe3 Qxe3 18. fxe3 Nxc5 19. Rc1 Na4 20. Bxd8 Rxd8 21. a3 a5 22. axb4 axb4 23. Bd1 Nb6 24. Bb3 e5 25. Ke2 Nf5 26. Rhd1 Kc7 {Kryston,A (2026)-Backiel,H (2237) Warsaw POL 2026 1-0 (70)}) ({RR} 12. O-O-O O-O-O 13. b3 Qxg2 14. f4 Qxh1 15. Bf3 Qxh2 16. Bxc6 Bxc6 17. Qxd8+ Kb7 18. Qf8 Qxf4+ 19. Kb2 Qc7 20. b4 b5 21. a4 Qe7 22. Rd8 Qxf8 23. Rxf8 Nc7 24. axb5 Be8 25. Kc2 h5 26. Kd2 h4 {Nakauchi,G (2170)-Liu,Y (2011) Gold Coast 2011 0-1 (49)}) 12... Qf5 13. O-O-O e5 14. Nh3 Nh6 15. f4 Nc5 16. fxe5 Nf7 17. Qc7 Rc8 18. Qxa7 Nxe5 19. Rhf1 Qe4 20. Bxe5 Qxe5 21. Nf4 Qe3+ 22. Rd2 O-O 23. Rf3 Qe7 24. Qxb6 Bf5 25. Nd3 Bxd3 26. Bxd3 Rfd8 27. Re2 Qd6 28. Bc2 Ra8 29. b4 Nd7 30. Qe3 Ne5 31. c5 Qd4 32. Qxd4 Rxd4 33. Rb3 g6 34. a3 Nc4 35. Re4 Rxe4 36. Bxe4 Ne5 37. Kc2 f5 38. Bf3 Kf7 39. Re3 Nc4 40. Rc3 Ne5 41. Kb3 g5 42. b5 g4 43. Bxc6 Nxc6 44. bxc6 Ke7 45. Rd3 f4 46. Rd4 Rb8+ 47. Kc4 Rf8 48. c7 f3 49. gxf3 gxf3 50. Rd8 Rf4+ 51. Kd5 Rf5+ 52. Ke4 f2 53. c8=Q Rf4+ 54. Ke5 1-0

[Event "RUS-ch 64th"]
[Site "Moscow"]
[Date "2011.08.14"]
[Round "6"]
[White "Kramnik, Vladimir"]
[Black "Morozevich, Alexander"]
[Result "1/2-1/2"]
[WhiteElo "2781"]
[BlackElo "2694"]
[PlyCount "111"]
[EventDate "2011.08.08"]
[EventType "tourn"]
[EventRounds "7"]
[EventCountry "RUS"]
[EventCategory "19"]
[SourceTitle "CBM 144"]
[Source "ChessBase"]
[SourceDate "2011.09.16"]
[SourceVersion "1"]
[SourceVersionDate "2011.09.16"]
[SourceQuality "1"]

1. d4 d5 2. c4 e6 3. Nf3 a6 4. cxd5 exd5 5. Nc3 c6 6. Bf4 Bd6 7. Bxd6 Qxd6 8. e3 Ne7 9. Bd3 Bf5 10. Bxf5 ({RR} 10. Qb3 Bxd3 11. Qxb7 O-O 12. Qxa8 Qc7 13. Ne5 Nd7 14. Qxf8+ Kxf8 15. Nxd3 Nf5 16. O-O a5 17. Rac1 Nd6 18. Nxd5 Qb7 19. Nc3 Nc4 20. Rc2 Nf6 21. b3 Na3 22. Rcc1 g6 23. Rfd1 h5 24. h3 Kg7 {Sarana,A (2686)-Bacrot,E (2631) chess.com INT 2026 1-0 (41)}) 10... Nxf5 11. Qc2 Ne7 12. Qb3 $146 ({RR} 12. h4 Nd7 13. h5 h6 14. O-O-O Nf6 15. Ne5 c5 16. Qa4+ Kf8 17. Kb1 Rb8 18. Qa3 Rc8 19. Nd3 b6 20. Qxa6 Ng4 21. dxc5 Qf6 22. Nxd5 Qe6 23. Nxe7 Kxe7 24. Qa7+ Kf6 25. Qxb6 Rc6 26. Qb4 Ra8 {Sjugirov,S (2565)-Leiva,G (2332) chess.com INT 2026 1-0}) ({RR} 12. O-O-O Nd7 13. Kb1 O-O-O 14. Ne1 Kb8 15. Nd3 Nc8 16. Na4 {½-½ (16) Roy Chowdhury,S (2391)-Rakhmanov,A (2588) Figueres 2012}) 12... Ra7 13. e4 O-O 14. e5 Qd8 15. Qc2 f6 16. O-O fxe5 17. Nxe5 Nf5 18. Qd3 Nd7 19. Rae1 Ra8 20. Na4 Nxe5 21. Rxe5 g6 22. Nc5 Rf7 23. Rfe1 Ng7 24. g3 Qf8 25. R1e2 Re8 26. Rxe8 Nxe8 27. Re5 Ng7 28. Qe2 Qd6 29. Kg2 Qf6 30. h4 h6 31. Nd3 Nf5 32. Re6 Qg7 33. Qg4 Kh7 34. h5 gxh5 35. Qxh5 Rf6 36. Rxf6 Qxf6 37. Nf4 Nxd4 38. Qe8 a5 39. b3 b5 40. Qd7+ Qg7 41. Qe8 Qf6 42. Qd7+ Qg7 43. Qd6 Qf7 44. g4 c5 45. Kg3 h5 46. Nxh5 Qf3+ 47. Kh4 Qxf2+ 48. Kg5 Qe3+ 49. Nf4 Ne2 50. Qd7+ Kh8 51. Qc8+ Kg7 52. Qc7+ Kh8 53. Qd8+ Kg7 54. Qc7+ Kh8 55. Qd8+ Kg7 56. Qc7+ 1/2-1/2

[Event "BLR-ch 76th"]
[Site "Minsk"]
[Date "2010.01.19"]
[Round "8"]
[White "Aleksandrov, Aleksej"]
[Black "Zhigalko, Sergei"]
[Result "1/2-1/2"]
[WhiteElo "2617"]
[BlackElo "2668"]
[PlyCount "108"]
[EventDate "2010.01.12"]
[EventType "tourn"]
[EventRounds "11"]
[EventCountry "BLR"]
[EventCategory "11"]
[SourceTitle "CBM 134 Extra"]
[Source "ChessBase"]
[SourceDate "2010.03.03"]
[SourceVersion "1"]
[SourceVersionDate "2010.03.03"]
[SourceQuality "1"]

1. d4 {Krasenkow,Michal} d5 2. c4 e6 3. Nc3 c6 4. e4 dxe4 5. Nxe4 Bb4+ 6. Bd2 Qxd4 7. Bxb4 Qxe4+ 8. Ne2 Na6 ({RR} 8... Nd7) 9. Bf8 Ne7 10. Bxg7 Nb4 11. Qd6 ({RR} 11. Bxh8 e5) 11... Nd3+ 12. Kd2 Nf5 13. Qxd3 Qxd3+ 14. Kxd3 Nxg7 15. Kc3 ({RR} 15. Ng3 c5 ({RR} 15... b6 16. c5 Ke7 17. Kc3 Rd8 18. f4 bxc5 19. Re1 Ne8 20. Ne4 Nf6 21. Nxf6 Kxf6 22. Bd3 h6 23. Re5 Rd5 24. Rhe1 Bb7 25. Bc4) 16. Be2 b6 17. Bf3 Rb8 18. Kc3 ({RR} 18. Rad1 Bb7 19. Bxb7 Rxb7 20. Ke4 h5 21. h4 Rh6 22. f4 Rg6 23. Kf3 Rd7) 18... Bb7 19. Bxb7 Rxb7 20. Rad1 Ke7 21. Rhe1 Rbb8 22. a3 Rhd8 23. Rxd8 Rxd8 24. b4 Rc8 25. Ne4 cxb4+ 26. axb4 Ne8 27. f4 Nc7 28. Kb3 Rd8) 15... Ke7 ({RR} 15... b6 16. g4 ({RR} 16. g3 Bb7 17. Bg2 O-O-O 18. Rhd1 c5 19. Bxb7+ Kxb7 20. Ng1 Nf5 21. Nf3 f6 22. Rd2 e5 23. Re1 Nd4 24. Nxd4 Rxd4 25. Rxd4 cxd4+ 26. Kd3 Kc6 27. f4 Kd6 28. fxe5+ fxe5 29. Rf1 Ke6) ({RR} 16. c5 Nh5) 16... Bb7 17. Bg2 O-O-O 18. Rad1 h5 19. g5 c5 20. Bxb7+ Kxb7 21. Nf4 Nf5 22. Rxd8 Rxd8 23. Nxh5 Rg8 24. h4 ({RR} 24. f4 Rh8 25. Nf6 ({RR} 25. Ng3) 25... Rh3+) ({RR} 24. Rg1 Rh8 25. Ng3 Rxh2 26. Nxf5 exf5 27. Re1 Rxf2 28. Re7+ Kc6 29. Rxf7 Rf3+ 30. Kd2 Rg3 31. Rxf5 Kd6 32. Rd5+ Ke6 33. Kc2 Rg2+ 34. Kb3 Rg3+ 35. Ka4 Rg2 36. Ka3 Rg3+ 37. Ka4 Rg2 38. Ka3 Rg3+) 24... Rh8 25. Ng3 Rxh4 26. Rxh4 Nxh4 27. Ne4 Kc6 28. Kd3 Ng6 29. Ke3 Ne5 30. b3 {Wojtaszek,R (2733)-Giri,A (2750) Biel 2014 CBM 162 [Krasenkow,Michal] ½-½ (50)}) ({RR} 15... e5 16. Re1 O-O 17. f4 Re8 ({RR} 17... e4 18. Nd4 f5) 18. Ng3 exf4 19. Rxe8+ Nxe8 20. Nh5 Bf5 21. Be2 Nd6 22. Bf3 Bg6 23. Nxf4 Ne4+ 24. Bxe4 Bxe4 25. Rd1) ({RR} 15... Bd7 16. c5 ({RR} 16. Ng3 O-O-O 17. Ne4) 16... e5 17. Ng3 Ne6 18. Ne4 Ke7 19. Bc4 f5 20. Bxe6 Bxe6 21. Nd6 b6) ({RR} 15... c5 16. g3 Bd7 ({RR} 16... b6 17. Bg2 Rb8 18. Rhd1 Bb7 19. Bxb7 Rxb7 20. Rd3 Rd7 21. Rad1 Rxd3+ 22. Rxd3 Ke7 23. Kc2 Rb8 24. Ra3 Rb7 25. g4 h5 26. gxh5 Nxh5 27. Nc3 Nf6 28. h3 Nd7 29. Nb5 a5) 17. Bg2 O-O-O 18. Rad1 ({RR} 18. Rab1 e5 19. Rhe1) 18... Kc7 19. Nf4 Bc6 20. Bxc6 Kxc6 21. Nd3 f6 22. Rhe1 Rd6 23. Nf4 Rhd8 24. Rxd6+ Rxd6 25. a3 a6 26. b4 b5 27. Nd3 cxb4+ 28. axb4 bxc4 29. Kxc4 Ne8 30. Nc5) ({RR} 15... e5 16. Re1 O-O 17. Ng3 f6 18. Bd3 Ne6 19. Bf5 Nf4 20. Bxc8 Raxc8 21. Nf5 Rcd8 22. Re3 Kf7 23. g3 Ne6 24. f4 Nd4 25. g4 Nxf5 26. gxf5 exf4 27. Rh3 h5 28. Rf1 Rg8 29. Rxh5 Rh8 30. Rxh8 {Karthikeyan,P (2304)-Dinesh,R (2301) Nara Village IND 2026 ½-½ (31)}) ({RR} 15... c5 16. g3 Bd7 17. Bg2 O-O-O 18. Rad1 Kc7 19. Nf4 Bc6 20. Bxc6 Kxc6 21. Nd3 f6 22. Rhe1 Rd6 23. Nf4 Rhd8 24. Rxd6+ Rxd6 25. a3 a6 26. b4 b5 27. Nd3 cxb4+ 28. axb4 bxc4 29. Kxc4 Ne8 30. Nc5 {Dreev,A (2654)-Zhigalko,S (2656) Jurmala 2013 ½-½ (58)}) 16. Re1 ({RR} 16. Ng3 c5 17. Bd3 b6 18. Be4 Rb8 19. Rhe1 Bb7 20. Rad1 Bxe4 21. Rxe4 f5 22. Ree1 Rbd8 23. b4 Rxd1 24. Rxd1 Rc8 25. b5 Ne8 26. Nh5 Rd8) 16... Bd7 $146 ({RR} 16... b6 17. g4 Bb7 18. Bg2 Rab8 19. Nf4 c5 20. Bxb7 Rxb7 21. h4 Rd7 22. f3 Rd4 23. Nd3 Rhd8 24. Re3 Ne8 25. h5 Nd6 26. b3 b5 27. Rhe1 bxc4 28. Nxc5 Nb5+ 29. Kb4 Rb8 30. Ka5 Nc7 31. a4 {Nechaeva,M (2399)-Girya,O (2094) Pushchino 2012 0-1 (32)}) 17. g3 Rad8 18. Bg2 f6 19. f4 h5 20. Nc1 Be8 21. b4 Bg6 22. a4 h4 23. Bf3 Nf5 24. g4 Nd4 25. Bd1 Kf7 26. Re3 Rd7 27. c5 Rhd8 28. Rhe1 Kg7 29. Kb2 Rd5 30. Rc3 e5 31. fxe5 fxe5 32. Rh3 Ne6 33. Bb3 Rd2+ 34. Ka3 Ng5 35. Rhe3 e4 36. Ne2 Nf3 37. Rh1 R8d3 38. Rxd3 exd3 39. Nf4 Rf2 40. b5 Nd4 41. Nxg6 Kxg6 42. Bd1 h3 43. Kb4 Ne2 44. Kc4 Nf4 45. Kd4 Kg5 46. Ke3 Ra2 47. Rf1 Nd5+ 48. Kxd3 Rxh2 49. Rf7 Rb2 50. Rxb7 h2 51. Rh7 cxb5 52. axb5 Nf6 53. Rh8 Rxb5 54. Rxh2 Rxc5 1/2-1/2

[Event "Moscow Aeroflot op-A 11th"]
[Site "Moscow"]
[Date "2012.02.12"]
[Round "6"]
[White "Caruana, Fabiano"]
[Black "Melkumyan, Hrant"]
[Result "1-0"]
[WhiteElo "2736"]
[BlackElo "2620"]
[PlyCount "79"]
[EventDate "2012.02.07"]
[EventType "swiss"]
[EventRounds "9"]
[EventCountry "RUS"]
[SourceTitle "CBM 147"]
[Source "ChessBase"]
[SourceDate "2012.03.16"]
[SourceVersion "1"]
[SourceVersionDate "2012.03.16"]
[SourceQuality "1"]

1. c4 {Krasenkow,Michal Moradiabadi,Elshan} e6 2. Nc3 d5 3. d4 Be7 4. cxd5 exd5 5. Bf4 c6 6. e3 Bf5 7. g4 Be6 8. h4 Nd7 9. g5 ({RR} 9. h5) 9... h6 ({RR} 9... Nf8 10. Be5 f6 11. Bg3) ({RR} 9... Nb6 10. Be5 h6 11. Bxg7 Rh7 12. gxh6 Nxh6 13. Be5 Ng4 14. Bg3 Bxh4 15. Qf3 Qe7) 10. g6 fxg6 ({RR} 10... Ngf6 11. gxf7+ Bxf7 12. Bd3 ({RR} 12. Nf3 Nh5 13. Bh2 O-O 14. Be2 Nhf6 15. Qc2 Ne4 16. Nxe4 dxe4 17. Nd2 c5) 12... O-O ({RR} 12... Qa5 13. Nge2 Ne4 14. Qb3 b5 15. Qc2 Ndf6 16. Rg1 Nxc3 17. bxc3 Kf8 18. Be5) ({RR} 12... Ne4 13. Bxe4 ({RR} 13. Nxe4 dxe4 14. Bxe4 Nf6 15. Bf3 O-O 16. Ne2 Nd5) 13... dxe4 14. Nge2 O-O 15. Qc2 Nf6 16. Rg1 Kh8 17. Be5) ({RR} 12... Nh5 13. Bh2 ({RR} 13. Be5 O-O 14. Qg4 Nhf6 15. Qg3 Nh5 16. Qg4 Nhf6 17. Qg3 Nh5) 13... O-O ({RR} 13... Bxh4 14. Nf3 O-O 15. Bf5 Be7 16. Rg1) 14. Qg4 Ndf6 15. Qg2 Be6 16. Bg6 Ne4 17. Nf3 Nxc3 18. bxc3 Qa5 19. Kd2 Qa3 20. Rhb1) 13. Qf3 Qb6 ({RR} 13... Kh8 14. Nge2 Ne4 15. Bxe4 dxe4 16. Qxe4 Nf6 17. Qg2 Bh5 18. Be5) 14. O-O-O c5 ({RR} 14... c5 15. Nge2 Rac8 16. Rhg1 Kh8 17. Bc2 cxd4 18. Rxd4 Bc5 19. Na4 Qa5 20. Nxc5 Rxc5 21. Bd6 Qxa2 22. Bxc5 Nxc5 23. Qg3) 15. Nge2 Rac8 16. Rhg1 Kh8 17. Bc2 cxd4 18. Rxd4 Bc5 19. Na4 Qa5 20. Nxc5 Rxc5 21. Bd6 Qxa2 22. Bxc5 Nxc5 23. Qg3 Rg8 24. Qc7 Qa1+ 25. Kd2 {Nepomniachtchi,I (2721)-Aronian,L (2803) Beijing 2013 1-0 (75)}) ({RR} 10... f5 11. Bg3 ({RR} 11. Qc2 Ngf6 12. O-O-O O-O 13. Kb1) 11... Ngf6 12. Nh3 Nb6 13. Nf4 Bd7 14. f3 O-O 15. Kf2 ({RR} 15. Qc2) 15... Rc8 16. Bd3 c5 17. Kg2 cxd4 18. exd4 Bd6 19. Qb3 ({RR} 19. Qd2 Nc4 20. Bxc4 Rxc4) 19... Kh8 20. Bb5 Bxf4 21. Bxf4 Nh5 22. Be5 Bxb5 23. Qxb5 Nc4 24. Rae1 Nxe5 25. Rxe5 {Lenderman,A (2618)-Caruana,F (2795) Saint Louis 2016 CBM 172 [Krasenkow,Michal] 0-1 (40)}) ({RR} 10... Ngf6 11. gxf7+ Bxf7 12. Bd3 O-O 13. Qf3 Qb6 14. O-O-O Bh5 15. Qg2 Bxd1 16. Nxd1) 11. Bd3 Nf8 ({RR} 11... Bf7 12. Qc2 Ngf6 ({RR} 12... g5 13. hxg5 Bxg5 14. Bg3 Ne7 15. Nf3 Bf6 16. O-O-O c5 17. Kb1 c4 18. Bf5 O-O 19. Rdg1 Qe8 20. Bf4) 13. Bxg6 O-O 14. Bxf7+ Rxf7 15. Nge2 b5 16. O-O-O b4 17. Na4 Rc8 18. Kb1 c5 19. dxc5 Nxc5 20. Nxc5 Rxc5 21. Qg6 Ne4 22. Rhg1 Bf6 23. f3 Nf2 24. Rc1 Rc4 25. Bxh6 b3 26. axb3 {Sieciechowicz,M (2386)-Movahed,S (2575) chess.com INT 2026 0-1 (46)}) ({RR} 11... Bf7 12. Qc2 Ngf6 13. Bxg6 O-O 14. Nge2 Nh5 15. O-O-O Qe8 16. Bh7+ Kh8 17. Rdg1) ({RR} 11... Ngf6 12. Bxg6+ Bf7 13. Bxf7+ Kxf7 14. Nf3 Rf8 15. Rg1) 12. Nf3 ({RR} 12. Qc2 Bf6 ({RR} 12... Nf6 13. Nf3 Qc8 14. Ne5 Bf5 15. Nxg6 Bxd3 16. Qxd3 Nxg6 17. Qxg6+ Kd8 18. O-O-O) ({RR} 12... g5 13. hxg5 Bxg5 14. Bg3 Bf6 15. Nge2 h5 16. O-O-O h4 17. e4 Nh6 18. Bf4 g5 19. Bd2) 13. O-O-O Ne7 14. Nge2 Bf5 15. e4 dxe4 16. Nxe4 Bxe4 17. Bxe4 Nd5 18. Bg3 Qa5 19. Bxd5 cxd5 20. Kb1) 12... Bf5 $146 ({RR} 12... Bg4 13. Rg1 Nf6 14. Rg3 ({RR} 14. Qc2 Bxf3 15. Bxg6+ Nxg6 16. Qxg6+ Kd7 17. Qf5+ Ke8) 14... g5 15. hxg5 hxg5 16. Bxg5 Rh1+ 17. Bf1 Qc8 18. Qb3 ({RR} 18. Bxf6 gxf6 19. Qb3 Bd6 20. Rxg4 Qxg4 21. Qxb7 Qc8) 18... N8h7 ({RR} 18... Bd6 19. Ne5 Bxe5 20. dxe5 Qf5 21. Qxb7 ({RR} 21. f3 N6d7 22. O-O-O Qxg5 23. fxg4 O-O-O) ({RR} 21. e4 Nxe4) 21... Qd3 22. Qxc6+ Kf7) 19. Bxf6 gxf6 20. O-O-O Bd6 21. Rxg4 Qxg4 22. Qxb7 Rc8 23. Qa6 ({RR} 23. Bd3) 23... Rc7 24. Be2 Rxd1+ 25. Kxd1 Qf5 26. Nd2 ({RR} 26. a3) 26... Ng5 27. f4 {So,W (2822)-Akobian,V (2645) Saint Louis 2017 CBM 178 [Moradiabadi,Elshan] ½-½ (45)}) 13. Ne5 Nf6 14. Rg1 Ne4 15. Bxe4 Bxe4 16. Nxe4 dxe4 17. Qb3 Qa5+ 18. Kf1 Qb5+ 19. Qxb5 cxb5 20. Rc1 Bxh4 21. Bh2 Bd8 22. Rg4 Nd7 23. Rxg6 Bf6 24. Rc7 Nf8 25. Rg4 Ne6 26. Rxb7 O-O 27. Nd7 Rf7 28. Rxe4 Rd8 29. Nxf6+ Rxf6 30. Rxa7 Rc8 31. d5 Ng5 32. Ree7 Rc1+ 33. Kg2 Rg6 34. Bg3 h5 35. d6 Rd1 36. d7 Kh7 37. Ra8 h4 38. d8=Q Rxd8 39. Rxd8 hxg3 40. f4 1-0

[Event "FIDE World Cup"]
[Site "Khanty-Mansiysk"]
[Date "2009.11.23"]
[Round "1.6"]
[White "Savchenko, Boris"]
[Black "Shulman, Yuri"]
[Result "0-1"]
[WhiteElo "2644"]
[BlackElo "2623"]
[PlyCount "202"]
[EventDate "2009.11.21"]
[EventType "k.o."]
[EventRounds "7"]
[EventCountry "RUS"]
[SourceTitle "CBM 134"]
[Source "ChessBase"]
[SourceDate "2010.01.18"]
[SourceVersion "1"]
[SourceVersionDate "2010.01.18"]
[SourceQuality "1"]

1. c4 e6 2. d4 d5 3. Nc3 c6 4. Nf3 dxc4 5. a4 Bb4 6. e3 b5 7. Bd2 a5 8. axb5 Bxc3 9. Bxc3 cxb5 10. b3 Bb7 11. bxc4 b4 12. Bb2 Nf6 13. Bd3 O-O 14. O-O Nbd7 15. Qc2 Qc7 16. Rfc1 Rfc8 17. e4 e5 18. c5 exd4 19. Bxd4 h6 20. e5 Nd5 21. e6 fxe6 22. Bh7+ Kh8 23. Bxg7+ Kxg7 24. Qg6+ Kh8 25. Qxh6 Nf8 26. Bg6+ Nh7 27. c6 $146 ({RR} 27. Ne5 Qg7 28. Qh4 Rc7 29. Re1 Qf6 30. Qd4 Rg7 31. Re4 Nc3 32. Re3 Rd8 33. Qg4 Rdg8 34. Qh5 Rxg6 35. Nxg6+ Rxg6 {0-1 (35) Meskovs,N (2469)-Przedmojski,R (2337) Warsaw 2016}) 27... Bxc6 28. Bxh7 Qxh7 29. Qxe6 Nc3 30. Ng5 Bd5 31. Qg4 Rc4 32. f4 Rxf4 33. Qxf4 Ne2+ 34. Kf1 Nxf4 35. Nxh7 Kxh7 36. Rc5 Bxg2+ 37. Kg1 Be4 38. Rcxa5 Rxa5 39. Rxa5 b3 40. Rb5 Bc2 41. Kf2 Nd3+ 42. Ke3 b2 43. h4 b1=Q 44. Rxb1 Bxb1 45. Ke4 Nc5+ 46. Ke5 Nd7+ 47. Ke6 Nf8+ 48. Kf6 Ng6 49. h5 Nh8 50. h6 Bc2 51. Kg5 Bb1 52. Kf6 Ba2 53. Kg5 Bb3 54. Kf6 Bc2 55. Kg5 Ba4 56. Kh5 Bb5 57. Kg5 Ba6 58. Kh5 Bb7 59. Kg5 Bc6 60. Kh5 Bd7 61. Kg5 Be8 62. Kf5 Bf7 63. Kf6 Bg8 64. Kg5 Bc4 65. Kh5 Bf1 66. Kg5 Bg2 67. Kh5 Nf7 68. Kg4 Be4 69. Kf4 Bg6 70. Kg4 Kxh6 71. Kf4 Kh5 72. Ke3 Kg4 73. Kd4 Kf4 74. Kd5 Bf5 75. Kd4 Be4 76. Kc5 Ke5 77. Kc4 Nd6+ 78. Kc3 Kd5 79. Kb4 Kd4 80. Kb3 Bd3 81. Kb2 Kc4 82. Kc1 Kc3 83. Kd1 Kd4 84. Kd2 Nc4+ 85. Ke1 Ke3 86. Kd1 Na3 87. Kc1 Bc4 88. Kb2 Nb5 89. Kc2 Ke2 90. Kc1 Bb3 91. Kb2 Ba4 92. Kc1 Kd3 93. Kb2 Kd2 94. Kb1 Nd4 95. Kb2 Nc2 96. Ka2 Kc3 97. Kb1 Bb3 98. Kc1 Ba2 99. Kd1 Nd4 100. Ke1 Kd3 101. Kf2 Ne2 0-1